<?xml version="1.0" encoding="UTF-8"?>
<collection xmlns="http://www.loc.gov/MARC21/slim">
 <record>
  <leader>00808pam a22002178a 4500</leader>
  <controlfield tag="001">00043834</controlfield>
  <controlfield tag="005">20190319100302.0</controlfield>
  <controlfield tag="008">110425s1997                  ||||||Viesd</controlfield>
  <datafield tag="020" ind1="#" ind2="#">
   <subfield code="c">12500</subfield>
  </datafield>
  <datafield tag="041" ind1="0" ind2="#">
   <subfield code="a">Vie</subfield>
  </datafield>
  <datafield tag="082" ind1="1" ind2="4">
   <subfield code="a">541</subfield>
   <subfield code="b">C460S</subfield>
  </datafield>
  <datafield tag="100" ind1="0" ind2="#">
   <subfield code="a">Nguyễn Đình Chi</subfield>
  </datafield>
  <datafield tag="245" ind1="0" ind2="0">
   <subfield code="n">Phần 1</subfield>
   <subfield code="p">Cấu tạo chất</subfield>
   <subfield code="a">Cơ sở lý thuyết hóa học</subfield>
   <subfield code="b">(Dùng cho các trường đại học kỹ thuật)</subfield>
   <subfield code="c">Nguyễn Đình Chi</subfield>
  </datafield>
  <datafield tag="250" ind1="#" ind2="#">
   <subfield code="a">tái bản lần thứ 14</subfield>
  </datafield>
  <datafield tag="260" ind1="#" ind2="#">
   <subfield code="a">H.</subfield>
   <subfield code="b">Giáo dục</subfield>
   <subfield code="c">2008</subfield>
  </datafield>
  <datafield tag="300" ind1="#" ind2="#">
   <subfield code="a">136 tr.</subfield>
   <subfield code="c">21 cm.</subfield>
  </datafield>
  <datafield tag="653" ind1="#" ind2="#">
   <subfield code="a">Cấu tạo chất</subfield>
  </datafield>
  <datafield tag="653" ind1="#" ind2="#">
   <subfield code="a">Lý thuyết hóa học</subfield>
  </datafield>
  <datafield tag="852" ind1="#" ind2="#">
   <subfield code="j">KM.0028142</subfield>
   <subfield code="j">KM.0028143</subfield>
   <subfield code="j">KM.0028144</subfield>
   <subfield code="j">KM.0028145</subfield>
  </datafield>
  <datafield tag="910" ind1="#" ind2="#">
   <subfield code="d">19/3/2019</subfield>
  </datafield>
  <datafield tag="980" ind1="#" ind2="#">
   <subfield code="a">Trung tâm Học liệu Lê Vũ Hùng, Trường Đại học Đồng Tháp</subfield>
  </datafield>
 </record>
</collection>
